De cultura sanitaria y gremial : (Registro nro. 8031)

Detalles MARC
000 -LEADER
fixed length control field 01135nam a2200325 a 4500
001 - CONTROL NUMBER
control field 000002252
003 - CONTROL NUMBER IDENTIFIER
control field DO-SdBNP
005 - DATE AND TIME OF LATEST TRANSACTION
control field 20171004093507.0
007 - PHYSICAL DESCRIPTION FIXED FIELD--GENERAL INFORMATION
fixed length control field 000002252
008 - FIXED-LENGTH DATA ELEMENTS--GENERAL INFORMATION
fixed length control field 090701s2007 dr ac 001 0 spa d
020 ## - INTERNATIONAL STANDARD BOOK NUMBER
International Standard Book Number 9789945068429
040 ## - CATALOGING SOURCE
Original cataloging agency BPMSU
Language of cataloging spa
Transcribing agency BPMSU
049 ## - LOCAL HOLDINGS (OCLC)
Holding library
082 #4 - DEWEY DECIMAL CLASSIFICATION NUMBER
Classification number 362.17
Item number U75d
100 1# - MAIN ENTRY--PERSONAL NAME
Personal name Ureña, Leonel,
Dates associated with a name 1958-
245 10 - TITLE STATEMENT
Title De cultura sanitaria y gremial :
Remainder of title textos escogidos /
Statement of responsibility, etc. Leonel Ureña ; presentación Rafael Estévez Rochet ; Fernando Sánchez Martínez.
260 ## - PUBLICATION, DISTRIBUTION, ETC. (IMPRINT)
Place of publication, distribution, etc. Santo Domingo :
Name of publisher, distributor, etc. Santuario,
Date of publication, distribution, etc. 2007.
300 ## - PHYSICAL DESCRIPTION
Extent v. :
Other physical details il., retrs. ;
Dimensions 23 cm.
500 ## - GENERAL NOTE
General note La biblioteca posee el v.1.
500 ## - GENERAL NOTE
General note Incluye datos biográficos el autor en la solapa de la cubierta.
650 #4 - SUBJECT ADDED ENTRY--TOPICAL TERM
Topical term or geographic name as entry element SALUD PÚBLICA
Geographic subdivision REPÚBLICA DOMINICANA
650 #4 - SUBJECT ADDED ENTRY--TOPICAL TERM
Topical term or geographic name as entry element SANEAMIENTO
651 #4 - SUBJECT ADDED ENTRY--GEOGRAPHIC NAME
Geographic name REPÚBLICA DOMINICANA
General subdivision CONDICIONES SOCIALES
700 1# - ADDED ENTRY--PERSONAL NAME
Personal name Estévez Rochet, Rafael,
Relator term present.
700 1# - ADDED ENTRY--PERSONAL NAME
Personal name Sánchez, Martínez, Fernando
Relator term pról.
910 ## - USER-OPTION DATA (OCLC)
User-option data Validado. Control de calidad EMS
942 ## - ADDED ENTRY ELEMENTS (KOHA)
Source of classification or shelving scheme Dewey Decimal Classification
Koha item type Libros
945 ## - LOCAL PROCESSING INFORMATION (OCLC)
a Inventariado / 2017 VM
956 ## - LOCAL ELECTRONIC LOCATION AND ACCESS (OCLC)
Host name VMATEO
Access number 10
Compression information 20150731
Logon BPMSU
Processor of request 00151
Existencias
Withdrawn status Lost status Source of classification or shelving scheme Damaged status Not for loan Collection code Home library Current library Date acquired Source of acquisition Total Checkouts Full call number Barcode Date last seen Copy number Price effective from Koha item type
    Dewey Decimal Classification     Colección Dominicana Biblioteca Pública Metropolitana Salomé Ureña Biblioteca Pública Metropolitana Salomé Ureña 07/31/2015 FUNDI   362.17 U75d BPMET15070448 07/31/2015 v. 1 07/31/2015 Libros
    Dewey Decimal Classification     Colección Dominicana Biblioteca Pública Metropolitana Salomé Ureña Biblioteca Pública Metropolitana Salomé Ureña 07/31/2015 FUNDI   362.17 U75d BPMET15070449 07/31/2015 v. 1, e. 2 07/31/2015 Libros
    Dewey Decimal Classification     Colección Dominicana Biblioteca Pública Metropolitana Salomé Ureña Biblioteca Pública Metropolitana Salomé Ureña 07/31/2015 FUNDI   362.17 U75d BPMET15070450 07/31/2015 v. 1, e. 3 07/31/2015 Libros